000 00312nam a2200145 a 4500
001 4140
005 20140414132025.0
008 090218s19uu xx 00 eng d
050 _aTR
_bT55 1993
100 _aCarle, Eric
245 _aToday is Monday.
999 _c113537
_d113537